| 000 | 00718nas a2200253 4500 | ||
|---|---|---|---|
| 001 | BR9204681 | ||
| 003 | BR-BrBNA | ||
| 005 | 20231205092749.0 | ||
| 007 | ta | ||
| 008 | 230509b bl.|||p| |||| 00| 00por d | ||
| 040 |
_aBR-BrBNA _bpor _cBiblioteca Nacional de Agricultura |
||
| 041 | _a(Pt) | ||
| 072 | _aF03 | ||
| 100 | 1 | _aZink, E. | |
| 100 | 1 | _aMendonca, N.T. | |
| 245 | 1 | _aInfluencia do metodo de extracao na vitalidade de sementes de moranga | |
| 650 | _aABOBORA MORANGA | ||
| 650 | _aSEMENTE | ||
| 650 | _aTESTE DE VIGOR | ||
| 650 | _aGERMINACAO | ||
| 773 | 0 |
_tRevista de Olericultura (Brazil) _x _g(1964), v. 4 p. 59-61 _wBR9204681 |
|
| 909 |
_a202311 _bLúcia _c55 _dLúcia Elande |
||
| 942 |
_2AGRIS _n0 _cANA |
||
| 999 |
_c134007 _d134007 |
||